Harmonization of Value Added Tax Applicable in the Slovak Republic in European Union Legislation

Analýza procesov pri harmonizácii dane z pridanej hodnoty v Európskej únii, ako jednej z prestížnych hodnôt pre úspešné založenie a fungovanie európskeho jednotného trhu. Harmonizácia procesov v Slovenskej republike je pojednávaná osobitne. K dosiahnutiu žiadaného výsledku boli použité vedecké metód...

Description complète

Enregistré dans:
Détails bibliographiques
Auteur principal: Olexová, Cecília, 1976-
Autres auteurs: Husťák, Milan
Format: Chapitre de livre
Langue:anglais
Sujets:
Tags: Ajouter un tag
Pas de tags, Soyez le premier à ajouter un tag!

MARC

LEADER 00000naa$a2200000$$$4500
001 0248934
005 20240502083708.4
041 0 |a eng 
044 |a BG 
245 1 0 |a Harmonization of Value Added Tax Applicable in the Slovak Republic in European Union Legislation  |c Cecília Olexová, Milan Husťák 
520 |a Analýza procesov pri harmonizácii dane z pridanej hodnoty v Európskej únii, ako jednej z prestížnych hodnôt pre úspešné založenie a fungovanie európskeho jednotného trhu. Harmonizácia procesov v Slovenskej republike je pojednávaná osobitne. K dosiahnutiu žiadaného výsledku boli použité vedecké metódy ako analýza harmonizačného procesu, porovnanie a syntéza. 
610 2 0 |a dane 
610 2 0 |a hodnota pridaná 
610 2 0 |a zdaňovanie 
610 2 0 |a únik daňový 
610 2 0 |a harmonizácia 
610 2 0 |a eurozóna 
100 1 |a Olexová, Cecília, 1976- 
700 1 |a Husťák, Milan